Sports Quiz

Random Sports or WWE Quiz

WrestleMania by Debuts Quiz Stats

 Plays Quiz Updated Apr 8, 2018

Score 0/34 Timer 08:00
1 Play Today
% Correct
WrestleMania 34
69.4%
WrestleMania 01
61.9%
WrestleMania 32
58.6%
WrestleMania 31
58.3%
WrestleMania 33
56%
WrestleMania 20 (XX)
54%
WrestleMania 30 (XXX)
53.6%
WrestleMania 29
53.5%
WrestleMania 19 (XIX)
51.3%
WrestleMania 16 (2000)
48.7%
WrestleMania 02
48.7%
WrestleMania 27 (XXVII)
48.1%
WrestleMania 14 (XIV)
47.6%
WrestleMania 15 (XV)
47.3%
WrestleMania 24 (XXIV)
45.1%
WrestleMania 26 (XXVI)
44.6%
WrestleMania 12 (XII)
44.6%
% Correct
WrestleMania 11 (XI)
43.5%
WrestleMania 08 (VIII)
43.3%
WrestleMania 28 (XXVIII)
42.1%
WrestleMania 17 (X-Seven)
41.7%
WrestleMania 13
41.6%
WrestleMania 23
40.1%
WrestleMania 04 (IV)
39.9%
WrestleMania 03 (III)
39.5%
WrestleMania 09 (IX)
39.3%
WrestleMania 22
39%
WrestleMania 25 (XXV)
38.8%
WrestleMania 18 (X8)
38.7%
WrestleMania 21
38.5%
WrestleMania 10 (X)
35.6%
WrestleMania 07 (VII)
35.2%
WrestleMania 05 (V)
31.2%
WrestleMania 06 (VI)
28.1%

You're not logged in!

Compare scores with friends on all Sporcle quizzes.
OR
Log In

You Might Also Like...

Show Comments

Extras

Top Quizzes Today


Score Distribution

Your Account Isn't Verified!

In order to create a playlist on Sporcle, you need to verify the email address you used during registration. Go to your Sporcle Settings to finish the process.

Report this User

Report this user for behavior that violates our Community Guidelines.

Details: